000
00329 a2200109 4500
001
ART_46933
005
20260410162041.0
008
260409a
245
1
0
_a
Inconstitucional reforma del Tribunal Fiscal de la Nación
100
1
_a
Spisso, Rodolfo Roque
773
0
_t
Impuestos
_g
- N°32 (jul. 2018)
_w
REV45175
999
_c
34883
_d
34883